League of Legends: Skinlines 2 - Statistiken

Allgemein
  • Dieses Quiz wurde 273 mal gespielt
  • Das Durchschnittsergebnis liegt bei 13 aus 20
Antwortstatistiken
Bildquiz Antwort % Korrekt
K/DA
99%
Blood Moon
89%
Porcelain
87%
PROJECT
84%
Infernal
83%
True Damage
81%
Trick-or-Treat
76%
Arcana
73%
Toy Box
70%
Academy
66%
Marauder
64%
Battlecast
63%
PsyOps
63%
Ocean Song
57%
Snow Moon
57%
Mad Scientists
47%
Heavenscale
43%
Freljord
36%
Eclipse
30%
High Society
10%
Keine übereinstimmenden Quizze gefunden
Verteilung der Resultate
Anzahl Personen mit jedem Resultat
Perzentil nach korrekt beantworteten Fragen
Ihre Resultats-Entwicklung
Sie haben dieses Quiz noch nicht gespielt